I hope you find what you're looking for / Bsrat ... Read More
Available copies
- 2 of 2 copies available at LARL/NWRL Consortium.
- 2 of 2 copies available at Lake Agassiz Regional Library. (Show preferred library)
Current holds
0 current holds with 2 total copies.
Show Only Available Copies
| Location | Call Number / Copy Notes | Barcode | Shelving Location | Status | Due Date |
|---|---|---|---|---|---|
| Ada Public Library | MEZ (Text) | 33500014351902 | New | Available | - |
| Bagley Public Library | MEZ (Text) | 33500014351910 | New | Available | - |
Record details
- ISBN: 1324092491
- ISBN: 9781324092490
- Physical Description: 281 pages ; 22 cm.
- Edition: First edition.
- Publisher: New York, NY : Liveright Publishing Corporation, 2026.
Content descriptions
| Summary, etc.: | "The year is 1991. Eritrea is on the verge of ... Read More A radiant, highly anticipated debut from the ... Read More |
Search for related items by subject
| Subject: | Eritrean American families > Fiction. Eritrea > Fiction. War > Fiction. Refugees > Fiction. Martyrdom > Fiction. |
| Genre: | Historical fiction. Historical fiction. War fiction. Novels. |
| LDR | 03813cam a2200673 i 4500 | ||
|---|---|---|---|
| 001 | 482005 | ||
| 003 | LARL_NWRL_CONSORTIUM | ||
| 005 | 20260324161001.0 | ||
| 008 | 250514s2026 nyu e 000 1 eng d | ||
| 007 | ta | ||
| 040 | . | ‡aYDX ‡beng ‡erda ‡erda ‡cYDX ‡dOCLCO ‡dIG# ‡dLIV ‡dOCLCO ‡dY$5 ‡dUKMGB ‡dOCLCO ‡dHBP ‡dRNL ‡dJQF ‡dOCO ‡dTOH ‡dTWA ‡dVA@ ‡dMLSOD ‡dIMD | |
| 015 | . | ‡aGBC6004386 ‡2bnb | |
| 016 | 7 | . | ‡a300665339 ‡2Uk |
| 020 | . | ‡a1324092491 ‡q(hardcover) | |
| 020 | . | ‡a9781324092490 ‡q(hardcover) | |
| 020 | . | ‡z9781324092506 ‡qePub ebook | |
| 024 | 8 | . | ‡aCIPO000330002 |
| 035 | . | ‡a(OCoLC)1519444231 | |
| 082 | 0 | 4. | ‡a813/.6 ‡223 |
| 100 | 1 | . | ‡aMezghebe, Bsrat, ‡eauthor. |
| 245 | 1 | 0. | ‡aI hope you find what you're looking for / ‡cBsrat Mezghebe |
| 246 | 3 | . | ‡aI hope you find what you are looking for |
| 250 | . | ‡aFirst edition. | |
| 264 | 1. | ‡aNew York, NY : ‡bLiveright Publishing Corporation, ‡c2026. | |
| 300 | . | ‡a281 pages ; ‡c22 cm. | |
| 336 | . | ‡atext ‡btxt ‡2rdacontent | |
| 337 | . | ‡aunmediated ‡bn ‡2rdamedia | |
| 338 | . | ‡avolume ‡bnc ‡2rdacarrier | |
| 520 | . | ‡a"The year is 1991. Eritrea is on the verge of liberation from Ethiopian rule and in Washington, D.C.'s tight-knit Eritrean community, change is in the air. Thirteen-year-old Lydia and her family are grappling with what peace after decades of war might mean for their future, just as they welcome Berekhet--a distant cousin newly arrived from Ethiopia to attend medical school in the States. With him comes a barrage of new ideas Lydia must confront for the first time, about the stories of nationhood and family she was raised on. Meanwhile her mother, Elsa, a former rebel fighter, and the family matriarch, Mama Zewdi, must grapple with regrets long buried in the time their country has been at war. Elsa's path from Eritrea to D.C. was paved with courage and loss, and figures from her past on the front lines of battle begin to resurface. Mama Zewdi, who runs a successful injera business out of her apartment, finds herself reexamining her place in their little family for the first time, while Lydia, emboldened by Berekhet, becomes committed to uncovering the secrets of her and her mother's past--including the truth about her father, who was martyred in the war. A loving ode to an immigrant community on the cusp of a new age, I Hope You Find What You're Looking For boldly asks: How does our past define our present? And what stories must we let go of to be truly free?"--Amazon. | |
| 520 | . | ‡aA radiant, highly anticipated debut from the Well-read black girl books series, delving into the secret lives of three women on the eve of Eritrean independence. | |
| 650 | 0. | ‡aEritrean American families ‡vFiction. | |
| 651 | 0. | ‡aEritrea ‡vFiction. | |
| 650 | 0. | ‡aWar ‡vFiction. ‡0(LARL_NWRL_CONSORTIUM)176223 | |
| 650 | 0. | ‡aRefugees ‡vFiction. ‡0(LARL_NWRL_CONSORTIUM)167083 | |
| 650 | 0. | ‡aMartyrdom ‡vFiction. | |
| 655 | 7. | ‡aHistorical fiction. ‡2gsafd | |
| 655 | 7. | ‡aHistorical fiction. ‡2lcgft | |
| 655 | 7. | ‡aWar fiction. ‡2lcgft | |
| 655 | 7. | ‡aNovels. ‡2lcgft | |
| 776 | 0 | 8. | ‡iebook version : ‡z9781324092506 |
| 905 | . | ‡uvanderl | |
| 901 | . | ‡a482005 ‡bAUTOGEN ‡c482005 ‡tbiblio ‡soclc | |

Add to basket
Permalink
Enable Highlighting